Fray Junípero Serra civilizador de las Californias (Record no. 10475)

MARC details
000 -CABECERA
campo de control de longitud fija 00824nam a2200253 a 4500
001 - NÚMERO DE CONTROL
campo de control BRL_1666
005 - FECHA Y HORA DE LA ÚLTIMA TRANSACCIÓN
campo de control 20190320211320.0
008 - DATOS DE LONGITUD FIJA--INFORMACIÓN GENERAL
campo de control de longitud fija 230414s1960----mx-a######---#000-0#spa-#
041 ## - CÓDIGO DE LENGUA
Código de lengua del texto/banda sonora o título independiente spa
044 ## - CÓDIGO DEL PAÍS DE LA ENTIDAD EDITORA/PRODUCTORA
Código MARC del país mx
050 #4 - SIGNATURA TOPOGRÁFICA DE LA BIBLIOTECA DEL CONGRESO
Número de clasificación F864.S44
Número de documento/Ítem .H47 1960
100 1# - ENTRADA PRINCIPAL--NOMBRE DE PERSONA
Nombre de persona Herrera Carrillo, Pablo
9 (RLIN) 27575
245 10 - MENCIÓN DE TÍTULO
Título Fray Junípero Serra civilizador de las Californias
Mención de responsabilidad, etc. Pablo Herrera Carrillo.
250 ## - MENCIÓN DE EDICIÓN
Mención de edición 3a ed. corregida
260 ## - PUBLICACIÓN, DISTRIBUCIÓN, ETC.
Lugar de publicación, distribución, etc. México
Nombre del editor, distribuidor, etc. Editoria Jus
Fecha de publicación, distribución, etc. 1960
300 ## - DESCRIPCIÓN FÍSICA
Extensión 141 p.
Otras características físicas il.
Dimensiones 23 cm.
440 #0 - MENCIÓN DE SERIE/PUNTO DE ACCESO ADICIONAL--TÍTULO
Título Figuras y episodios de la historia de México
Designación de volumen o secuencia 78
9 (RLIN) 27576
500 ## - NOTA GENERAL
Nota general Au1857
600 14 - PUNTO DE ACCESO ADICIONAL DE MATERIA--NOMBRE DE PERSONA
Nombre de persona Serra, Juníper
Títulos y otros términos asociados al nombre Fray
Fechas asociadas al nombre 1713-1784
9 (RLIN) 27577
650 14 - PUNTO DE ACCESO ADICIONAL DE MATERIA--TÉRMINO DE MATERIA
Término de materia o nombre geográfico como elemento de entrada Misioneros
Subdivisión de forma Biografías
Subdivisión geográfica California
9 (RLIN) 27578
650 14 - PUNTO DE ACCESO ADICIONAL DE MATERIA--TÉRMINO DE MATERIA
Término de materia o nombre geográfico como elemento de entrada Misioneros españoles
Subdivisión general Historia
Subdivisión geográfica California (Estados Unidos)
9 (RLIN) 27579
902 ## - CATALOGADOR
Iniciales GRL
942 ## - ELEMENTOS DE PUNTO DE ACCESO ADICIONAL (KOHA)
Fuente del sistema de clasificación o colocación Library of Congress Classification
Tipo de ítem Koha Libros
Holdings
Estado de retiro Estado de pérdida Estado dañado No para préstamo Localización permanente Ubicación/localización actual Fecha de adquisición Número de inventario Total de préstamos Signatura topográfica completa Código de barras Fecha visto por última vez Precio válido a partir de Tipo de ítem Koha
El ejemplar forma parte de la colección y puede ser consultado según las políticas vigentes.       Biblioteca Centro de Estudios Ruth D. Lechuga Biblioteca Centro de Estudios Ruth D. Lechuga 23/04/2014 Au1857   F864.S44 .H47 1960 (Au1857) GRL01837 22/03/2019 22/03/2019 Libros